| 000 | 00430nam a2200157Ia 4500 | ||
|---|---|---|---|
| 005 | 20250313123433.0 | ||
| 008 | 240331s9999 xx 000 0 und d | ||
| 020 | _a9559084011 | ||
| 082 |
_bGNA _a894 |
||
| 100 | _aGnanasekaran, T | ||
| 245 | 0 | _aLayaththuch chiraigal | |
| 260 |
_aColombo _bHill Country Publishing House _c1994 |
||
| 300 | _a200 p ., ( C 2) | ||
| 500 | _aA Novel about Upcountry peoples Daily Issues | ||
| 942 | _cL | ||
| 999 |
_c3868 _d3868 |
||